000 00714nam a22002417a 4500
005 20170124110045.0
010 _a427548
020 _c00.00
035 _a427548
037 _bCen Lib/Ret
040 _aDPL
_bEN
082 _a808.5
_bGIL
100 _aGilman, Wilbur E.
_924351
245 _aThe fundamentals of speaking /
_cby Wilbur E. Gilman, Bower Aly [and] Hollis L. White
260 _aNew York
_bThe Macmillan Company
_c1964
300 _a440p. :
_c22cm(Hb)
500 _aIncludes index.
650 _aPublic speaking
_917900
650 _aOratory
_924352
700 _aAly, Bower
_924353
700 _aWhite, HHollis L.
_924354
942 _2ddc
_cEN
_h808.5
_mGIL
999 _c128759
_d128759